[Event "Schleswig Holstein-ch Seniors"]
[Site "Leck"]
[Date "2014.04.18"]
[Round "9"]
[White "Maass, Ralf"]
[Black "Weilandt, Martin"]
[Result "1/2-1/2"]
[WhiteElo "1233"]
[BlackElo "1288"]
[PlyCount "37"]
[EventDate "2014.04.12"]
[EventType "swiss"]
[EventRounds "9"]
[EventCountry "GER"]
[SourceTitle "EXT 2018"]
[Source "ChessBase"]
[SourceDate "2017.10.13"]
[SourceVersion "1"]
[SourceVersionDate "2017.10.13"]
[SourceQuality "1"]

1. d4 d5 2. Nf3 g6 3. e3 Bg7 4. Bd3 Nf6 5. 0-0 b6 6. Nbd2 Bb7 7. c3 Nbd7 8. Re1 e6 9. e4 0-0 10. e5 Ne8 11. Nf1 f6 12. exf6 Rxf6 13. Bg5 Nf8 14. Ne5 Qe7 15. Qg4 Nd6 16. f3 Re8 17. h4 h5 18. Qh3 Nf7 19. g4 1/2-1/2